| 000 | 00603nam a22002530a 4500 | ||
|---|---|---|---|
| 001 | PT34671 | ||
| 003 | AR-LpoUNG | ||
| 005 | 20210131230210.0 | ||
| 008 | 191001s2001||||ag |||||||||||||||||spa d | ||
| 020 |
_a9500720256 _c$5.40 |
||
| 040 |
_aAR-LpoUNG _bspa _cAR-LpoUNG _eaacr |
||
| 041 | _aspa | ||
| 044 | _aag | ||
| 082 | 0 | _a808.068 3 434esp | |
| 100 | 1 | _aHeap, Sue | |
| 245 | 1 | 0 | _aEspera y verĂ¡s |
| 250 | _a1ra. ed. | ||
| 260 |
_aBuenos Aires : _bSudamericana, _c2001. |
||
| 300 |
_a[10] p. : _bil. |
||
| 650 | 4 | _aCUENTOS | |
| 653 | _aLITERATURA INFANTIL | ||
| 905 | _a34671 | ||
| 942 | _cLIB | ||
| 999 |
_c2055 _d2055 |
||